[Event "4th Open"]
[Site "La Fere FRA"]
[Date "2005.07.05"]
[Round "5"]
[White "Daurelle,H"]
[Black "Tirard,H"]
[Result "0-1"]
[WhiteElo "2249"]
[BlackElo "2447"]

1.e4 c5 2.Nc3 Nc6 3.Bb5 Na5 4.Nf3 e6 5.O-O a6 6.Be2 Qc7 7.b3 Nf6 8.Bb2 Nc6
9.Re1 Bd6 10.Bf1 Ng4 11.g3 h5 12.e5 Ncxe5 13.Ne4 Be7 14.Nxe5 Nxe5 15.Nxc5 Ng6
16.Nd3 b6 17.Ne5 Bb7 18.Bg2 Bxg2 19.Kxg2 Nxe5 20.Bxe5 Qc6+ 21.Qf3 Qxf3+ 22.Kxf3 f6
23.Bb2 Kf7 24.c4 h4 25.g4 h3 26.a4 Bd6 27.a5 bxa5 28.Rxa5 Bxh2 29.Rh5 Rxh5
30.gxh5 Rb8 31.Kg4 Rxb3 32.Bc3 Bd6 33.Kxh3 Bb4 34.Rc1 Bxc3 35.dxc3 a5 36.Kg4 a4
37.h6 gxh6 38.Kh5 a3 39.Kxh6 a2 40.Ra1 Rb1  0-1

[Event "2nd RUS Pupils Summer Boys"]
[Site "Satka RUS"]
[Date "2005.07.05"]
[Round "8"]
[White "Ivanov,Andrew"]
[Black "Khaustov,V"]
[Result "1-0"]
[WhiteElo "2239"]
[BlackElo "2107"]

1.e4 c5 2.Nf3 Nc6 3.Nc3 g6 4.d4 cxd4 5.Nxd4 Bg7 6.Nb3 Nf6 7.Be2 O-O 8.O-O d6
9.Bg5 Bd7 10.Kh1 Ne5 11.f4 Neg4 12.Qd2 Qb6 13.Bxg4 Bxg4 14.Bxf6 Bxf6 15.Nd5 Qc6
16.f5 Qc4 17.Nxf6+ exf6 18.Nd4 Rfe8 19.b3 Qc5 20.Rae1 d5 21.h3 Bxh3 22.gxh3 dxe4
23.fxg6 hxg6 24.Rxf6 Qe5 25.Ref1 e3 26.Qd3 Rad8 27.Rxf7 Rd6 28.Qc4 Rd5 29.Rd7 Qe4+
30.Kg1 Re5 31.Rxd5 Qxd5 32.Qxd5+ Rxd5 33.c3 Rg5+ 34.Kh2 Ra5 35.a4 Rc5 36.Ne2 b5
37.b4 Rd5 38.axb5 Rxb5 39.Rf3 Re5 40.Kg3 g5 41.Kg4 a5 42.bxa5 Rxa5 43.Rf5 Ra4+
44.Kf3 Rh4 45.Rxg5+ Kf7 46.Kxe3 Rxh3+ 47.Rg3 Rh4 48.Nd4 Ke8 49.Rg7 Kd8 50.c4 Kc8
51.c5 Rh5 52.c6 Ra5 53.Ke4 Ra1 54.Kd5 Rd1 55.Kc5 Rd2 56.Kb6  1-0

[Event "2nd RUS Pupils Summer Boys"]
[Site "Satka RUS"]
[Date "2005.07.05"]
[Round "8"]
[White "Klimov,A"]
[Black "Chernobay,A"]
[Result "1-0"]
[WhiteElo "2319"]
[BlackElo "2270"]

1.e4 c5 2.Nc3 Nc6 3.Bb5 Nd4 4.Bc4 g6 5.Nf3 Bg7 6.Nxd4 cxd4 7.Qf3 Nh6 8.Ne2 e5
9.d3 O-O 10.h4 Kh8 11.Qg3 f6 12.f4 Qe8 13.h5 gxh5 14.f5 d6 15.Qf3 Nf7 16.Rxh5 Ng5
17.Bxg5 fxg5 18.Qh3 Rf7 19.Rxh7+ Kg8 20.Qh5 Kf8 21.f6  1-0

[Event "20th North Sea Cup"]
[Site "Esbjerg DEN"]
[Date "2005.07.06"]
[Round "6"]
[White "Kragh,N"]
[Black "Hartvig,O"]
[Result "1/2-1/2"]
[WhiteElo "2049"]
[BlackElo "2231"]

1.e4 c5 2.Nc3 Nc6 3.Nf3 g6 4.d4 cxd4 5.Nxd4 Bg7 6.Be3 d6 7.Be2 Nf6 8.Nb3 O-O
9.O-O Bd7 10.f4 a6 11.a4 b6 12.Bf3 Qc7 13.Qd2 Rac8 14.Rad1 Rfd8 15.Qf2 Rb8
16.Qh4 e6 17.Be2 Nb4 18.Bd3 Bc6  1/2-1/2

[Event "Open"]
[Site "Barbera del Valles ESP"]
[Date "2005.07.07"]
[Round "4"]
[White "Pablo Marin,A"]
[Black "Madeira,W"]
[Result "1-0"]
[WhiteElo "2424"]
[BlackElo "2264"]

1.e4 c5 2.Nf3 Nc6 3.Nc3 Nf6 4.Bb5 Qc7 5.O-O e5 6.d3 Be7 7.Bg5 O-O 8.Bxf6 Bxf6
9.Nd5 Qd8 10.c3 d6 11.Bc4 Bg5 12.Nxg5 Qxg5 13.a3 Rb8 14.b4 Kh8 15.Ra2 b5
16.Bb3 Be6 17.f4 exf4 18.Nxf4 Bxb3 19.Qxb3 Ne5 20.Qd5 Qe7 21.Raf2 Kg8 22.d4 cxd4
23.Qxd4 a6 24.Nd5 Qb7 25.h3 Rbc8 26.Qe3 Rc4 27.Qg3 Kh8 28.Rf4 h6 29.Rh4 Kh7
30.Qf4 Ng6 31.Nf6+  1-0

[Event "DMP 1st League"]
[Site "Koszalin POL"]
[Date "2005.07.07"]
[Round "3"]
[White "Warakomska,A"]
[Black "Mucha,M"]
[Result "1-0"]
[WhiteElo "1923"]
[BlackElo "2069"]

1.e4 c5 2.Nc3 Nc6 3.Bb5 Nd4 4.Bc4 e6 5.Nf3 Nc6 6.O-O Nf6 7.d4 cxd4 8.Nxd4 Be7
9.Nxc6 bxc6 10.e5 Nd5 11.Qg4 Rg8 12.Bd3 g6 13.Nxd5 cxd5 14.Qf4 Bf8 15.Bd2 Bg7
16.Rae1 Bb7 17.Re3 f5 18.exf6 Qxf6 19.Qc7 Bc6 20.Rfe1 Rf8 21.f3 Qe7 22.Kh1 Kf7
23.a3 Rfc8 24.Qf4+ Qf6 25.Qd6 Bf8 26.Qg3 Bg7 27.c3 Ba4 28.Rxe6 Qd8 29.Bxg6+ hxg6
30.Qxg6+ Kf8 31.Bh6 Bxh6 32.Rf6+  1-0

[Event "DMP 1st League"]
[Site "Koszalin POL"]
[Date "2005.07.07"]
[Round "4"]
[White "Kolosowski,M"]
[Black "Kukla,M"]
[Result "1-0"]
[WhiteElo "2011"]
[BlackElo "1969"]

1.e4 c5 2.Nc3 Nc6 3.Bb5 e6 4.Bxc6 bxc6 5.d3 d5 6.f4 Nf6 7.Nf3 Ba6 8.e5 Nd7
9.b3 c4 10.bxc4 Bb4 11.Bd2 Qa5 12.Ne2 dxc4 13.Bxb4 Qxb4+ 14.c3 Qa5 15.d4 Qd5
16.Ng3 c5 17.Qa4 Bb7 18.Rd1 O-O 19.O-O Bc6 20.Qc2 h6 21.Rfe1 f5 22.Kh1 Nb6
23.Qf2 Na4 24.Qc2 Rab8 25.Rb1 cxd4 26.Nxd4 Ba8 27.Nxe6 Nxc3 28.Rxb8 Rxb8
29.Nc7 Qd3 30.Qf2 Bc6 31.Ne6 Qd5 32.Nd4 Ne4 33.Nxe4 fxe4 34.Nf5 e3 35.Qg3 Rb7
36.Nxe3 Qe4 37.Ng4  1-0

[Event "Australian Junior Masters"]
[Site "Sydney AUS"]
[Date "2005.07.07"]
[Round "7"]
[White "Xie,G"]
[Black "Zhao Zong Yuan"]
[Result "0-1"]
[WhiteElo "2364"]
[BlackElo "2442"]

1.e4 c5 2.Nc3 Nc6 3.Bb5 Nd4 4.Bc4 e6 5.Nf3 Nf6 6.d3 d5 7.Bb3 Be7 8.Ba4+ Nc6
9.Ne5 Bd7 10.Nxd7 Qxd7 11.e5 Ng8 12.O-O a6 13.Bxc6 Qxc6 14.a4 h5 15.a5 h4
16.h3 Nh6 17.Bxh6 Rxh6 18.f4 g6 19.Qd2 Rh5 20.Ne2 O-O-O 21.c3 Kb8 22.b3 Rhh8
23.Kh1 Rhg8 24.d4 Rc8 25.Rfc1 g5 26.c4 dxc4 27.bxc4 Rcd8 28.d5 exd5 29.f5 g4
30.f6 dxc4 31.Qc2 gxh3 32.Nf4 Bf8 33.Rd1 Bh6 34.Nxh3 Rd3 35.Rxd3 cxd3 36.Qf2 c4
37.e6 Qxe6 38.Re1 Qc6  0-1

[Event "FSGM July"]
[Site "Budapest HUN"]
[Date "2005.07.08"]
[Round "7"]
[White "Bindrich,F"]
[Black "Chernyshov,K"]
[Result "0-1"]
[WhiteElo "2391"]
[BlackElo "2548"]

1.e4 c5 2.Nf3 Nc6 3.Nc3 d6 4.d4 cxd4 5.Nxd4 Nf6 6.Bg5 e6 7.Qd2 a6 8.O-O-O h6
9.Be3 Bd7 10.f3 b5 11.Nxc6 Bxc6 12.Ne2 Be7 13.Kb1 Qc7 14.Nd4 Bb7 15.h4 Nd7
16.h5 Ne5 17.Qe1 O-O 18.g4 Rac8 19.Qg3 Bg5 20.Bg1 f5 21.gxf5 exf5 22.f4 Bxe4
23.Rh2 Nf3 24.fxg5 Nxd4 25.Bd3 Nf3 26.gxh6 Bxd3 27.cxd3 Nxh2 28.Qxh2 gxh6
29.Bd4 Kh7 30.a3 Rg8 31.Qf4 Qd7 32.Re1 Rce8 33.Rc1 Rg4 34.Qf2 Qf7 35.Rc7 Re1+
36.Qxe1 Qxc7 37.Qe6 Rxd4 38.Qg6+ Kh8 39.Qe8+ Kg7 40.Qg6+ Kf8 41.Qf6+ Qf7
42.Qxd4 Qxh5 43.Qxd6+ Kg7 44.d4 Qg6 45.Qc7+ Qf7 46.Qg3+ Kh7 47.Qf4 Qd5 48.Qc7+ Kg6
49.Qg3+ Kf7 50.Qc7+ Kf6 51.Qh2 Qe4+ 52.Ka1 Kf7 53.Qc7+ Qe7 54.Qf4 Qe1+ 55.Ka2 Qe6+
56.Ka1 h5 57.Qh4 Qe2 58.Qf4 Qe1+ 59.Ka2 Qe4 60.Qc7+ Kg6 61.Qd6+ Kg5 62.d5 h4
63.Qd8+ Kg4 64.Qg8+ Kf3 65.d6 h3 66.d7 h2 67.Qb3+ Ke2 68.Qh3 Qd5+ 69.b3 h1=Q
70.Qxh1 Qxh1 71.d8=Q Qe4 72.Qh8 f4 73.a4 bxa4 74.bxa4 Qxa4+ 75.Kb1 Qb5+ 76.Kc1 f3
77.Qh4 Qc5+ 78.Kb1 Qf5+ 79.Kc1 f2 80.Qc4+ Kf3 81.Qf1 Qc5+ 82.Kd1 Qd5+ 83.Kc2 Kg3
84.Kc1 Qb5  0-1

[Event "Open"]
[Site "Barbera del Valles ESP"]
[Date "2005.07.10"]
[Round "7"]
[White "Sanchez Romero,M"]
[Black "Carstensen,J"]
[Result "1/2-1/2"]
[WhiteElo "2197"]
[BlackElo "2324"]

1.e4 c5 2.Nc3 Nc6 3.Nf3 e6 4.Bb5 Nd4 5.Nxd4 cxd4 6.Ne2 Nf6 7.Ng3 h5 8.h4 Bd6
9.Qf3 Be5 10.c3 g6 11.Ne2 dxc3 12.bxc3 a6 13.d4 axb5 14.Bg5 Qc7 15.dxe5 Ng4
16.Qf4 Rg8 17.O-O Qxe5 18.f3 Qxf4 19.Bxf4 Nf6 20.Nd4 Ra5 21.Rab1 d5 22.Nxb5 Kd7
23.Be5 Ne8 24.Rfe1 f6 25.Bg3 g5 26.Rb2 gxh4 27.Bxh4 Kc6 28.Nd4+ Kc7 29.Nb5+ Kc6
30.Nd4+ Kc7 31.Nb5+ Kc6  1/2-1/2

[Event "Open"]
[Site "Barbera del Valles ESP"]
[Date "2005.07.11"]
[Round "8"]
[White "Jimenez Albadalejo,M"]
[Black "Parligras,M"]
[Result "0-1"]
[WhiteElo "2211"]
[BlackElo "2571"]

1.e4 c5 2.Nc3 Nc6 3.Nf3 Nf6 4.Bb5 Qc7 5.O-O Nd4 6.Re1 a6 7.Bf1 e5 8.a4 d6
9.h3 Be6 10.Ng5 Bd7 11.Bc4 h6 12.Nf3 Be6 13.d3 Be7 14.Nh2 O-O 15.Nf1 Qd7
16.Bxe6 fxe6 17.Ne2 Nh7 18.c3 Nc6 19.Neg3 Rf7 20.Nh2 Raf8 21.Nf3 Rf6 22.Rf1 Rg6
23.Be3 Bg5 24.Nxg5 Nxg5 25.Kh2 Nh7 26.f4 exf4 27.Rxf4 Qe7 28.Qh5 Rxf4 29.Bxf4 Rf6
30.Be3 Ne5 31.d4 cxd4 32.Bxd4 Ng5 33.Bxe5 dxe5 34.Qe2 Qc5 35.Rf1 Rf4 36.Qd3 Qc6
37.Qd8+ Kh7 38.Rd1 Nxe4 39.Nh5 Rf5 40.Qh4 Ng5 41.Rd2 e4 42.Ng3 Qc7 43.Kh1 Rf4
44.Rd7 Rf1+ 45.Nxf1 Qxd7 46.Qf4 Qd3 47.h4 Nf3 48.Qc1 Nxh4 49.Ne3 Nf5 50.Ng4 e3
51.Ne5 Qd2  0-1

[Event "Open"]
[Site "Condom FRA"]
[Date "2005.07.11"]
[Round "4"]
[White "Bouthier,J"]
[Black "Le Hetet,N"]
[Result "1/2-1/2"]
[WhiteElo "2015"]
[BlackElo "2109"]

1.e4 c5 2.Nf3 Nc6 3.Nc3 e5 4.Bc4 Be7 5.d3 d6 6.O-O Nf6 7.Ng5 O-O 8.f4 a6
9.a4 Nd4 10.f5 Bd7 11.g4 b5 12.Nxf7 Rxf7 13.Bxf7+ Kxf7 14.g5 Ne8 15.Nd5 Kg8
16.c3 Nxf5 17.exf5 Bxg5 18.axb5 Bxb5 19.c4 Bc6 20.Nc3 Bxc1 21.Qxc1 Qh4 22.Qe3 Nf6
23.Ne2 Qg4+ 24.Ng3 Qh3 25.Qe2 Qh4 26.Ra3 a5 27.Qe1  1/2-1/2

[Event "DMP 1st League"]
[Site "Koszalin POL"]
[Date "2005.07.11"]
[Round "9"]
[White "Surman,M"]
[Black "Dubinski,M"]
[Result "0-1"]
[WhiteElo "2058"]
[BlackElo "2067"]

1.e4 c5 2.Nf3 Nc6 3.Nc3 e6 4.Bc4 a6 5.a4 Nf6 6.d3 d5 7.Ba2 d4 8.Ne2 g6 9.O-O Bg7
10.Ne1 O-O 11.f4 b5 12.Bd2 Nd7 13.axb5 axb5 14.Nf3 Nb6 15.c3 c4 16.dxc4 d3
17.cxb5 dxe2 18.Qxe2 Ne7 19.Be3 Bb7 20.Bf2 Qc7 21.c4 Na4 22.e5 Rfc8 23.c5 Bd5
24.Bxd5 Nxd5 25.Qd1 Nxc5 26.Rc1 Qe7 27.Qc2 Bf8 28.Qc4 Nb6 29.Qd4 Ncd7 30.Rc6 Nd5
31.Rfc1 Rcb8  0-1

[Event "16th Open"]
[Site "Ljubljana SLO"]
[Date "2005.07.11"]
[Round "4"]
[White "Biti,O"]
[Black "Djurovic,G"]
[Result "1-0"]
[WhiteElo "2340"]
[BlackElo "2066"]

1.e4 c5 2.Nc3 Nc6 3.Bb5 Nd4 4.Bc4 e6 5.Nge2 Nf6 6.O-O a6 7.a4 d5 8.exd5 exd5
9.Ba2 Ne6 10.d4 c4 11.b3 cxb3 12.Bxb3 Bb4 13.Qd3 O-O 14.f4 Qa5 15.Kh1 h6
16.Na2 Bd6 17.Bd2 Qb6 18.Nac3 Qc6 19.Qf3 Nc7 20.f5 Re8 21.Nf4 Bxf4 22.Bxf4 Bxf5
23.Be5 Be4 24.Nxe4 dxe4 25.Qg3 Rxe5 26.dxe5 Nfd5 27.Qf2 Qe6 28.Qd4 e3 29.c4 Qb6
30.Qxb6 Nxb6 31.Rae1 Nd7 32.c5 Ne6 33.Bxe6 fxe6 34.Rxe3 Rc8 35.Rc1 a5 36.Rb3 Rxc5
37.Rxc5 Nxc5 38.Rb5 Nxa4 39.Rxb7 Nc3 40.Re7 a4 41.Rxe6 a3 42.Ra6 a2 43.g4 Kf7
44.Kg2 g6 45.Kf3 g5 46.Kf2 Ne4+ 47.Ke3 Nc3 48.Kd4 Ne2+ 49.Kd5 Ke7 50.Ra7+ Kf8
51.Kd6 Nc3 52.Kd7 Kg7 53.e6 Nd5 54.Kd6+  1-0

[Event "16th Open"]
[Site "Ljubljana SLO"]
[Date "2005.07.11"]
[Round "4"]
[White "Kuziola,M"]
[Black "Novkovic,S"]
[Result "1-0"]
[WhiteElo "2296"]
[BlackElo "2130"]

1.e4 c5 2.Nc3 Nc6 3.Bb5 a6 4.Bxc6 dxc6 5.f4 e5 6.fxe5 Qg5 7.Qf3 Qxe5 8.d3 Bd6
9.Nge2 f6 10.Bf4 Qe7 11.O-O Bxf4 12.Nxf4 Nh6 13.Qh5+ Nf7 14.Na4 b5 15.Qxc5 Qxc5+
16.Nxc5 Ra7 17.a4 a5 18.axb5 cxb5 19.Ra2 Nd8 20.b4 Nc6 21.bxa5 b4 22.a6 Ke7
23.Rfa1 Kd6 24.Nb3 Ke5 25.g3 Bg4 26.Na5 Rc8 27.Rb2 Kd4 28.Nd5 Kc5 29.Nxc6 Rxc6
30.Nxb4 Rb6 31.c3 Bc8 32.Kf2 Kd6 33.Rba2 Be6 34.Ra5 Rb8 35.Ke3 Rb6 36.h4 Bc8
37.d4 h6 38.d5 Bd7 39.Kd4 Be8 40.Nd3 Bh5 41.c4 Kc7 42.Rc5+ Kb8 43.Rb5 Kc7
44.Rxb6 Kxb6 45.c5+ Kb5 46.Rb1+ Ka5 47.Kc4 Be8 48.Ra1+ Ba4 49.Nb2  1-0

[Event "7th Festival IM"]
[Site "Saint Lo FRA"]
[Date "2005.07.11"]
[Round "4"]
[White "Daurelle,H"]
[Black "Cossin,S"]
[Result "0-1"]
[WhiteElo "2249"]
[BlackElo "2391"]

1.e4 c5 2.Nc3 Nc6 3.Bb5 g6 4.Bxc6 dxc6 5.d3 Bg7 6.Be3 b6 7.Qd2 Nf6 8.Bh6 O-O
9.Bxg7 Kxg7 10.Nge2 e5 11.O-O-O a5 12.h4 a4 13.f3 b5 14.h5 b4 15.Nb1 Be6
16.g4 Ra7 17.Ng3 Ne8 18.Nf5+ Kg8 19.Qe3 Qa5 20.hxg6 fxg6 21.Qg5 Qc7 22.Rh6 Qf7
23.Rdh1 Qf6 24.Qe3 Rd7 25.Qxc5 b3 26.axb3 axb3 27.f4 exf4 28.g5 Qxg5 29.R6h5 Qf6
30.e5 Qd8 31.Nd4 Qe7 32.Rxh7 Qxc5 33.Rh8+ Kf7 34.R1h7+ Ng7 35.Rxg7+ Kxg7
36.Nxe6+ Kxh8 37.Nxc5 Rh7 38.cxb3 Rh1+ 39.Kc2 Rxb1 40.Kxb1 f3  0-1

[Event "inAUTOmarket Open"]
[Site "Minsk BLR"]
[Date "2005.07.12"]
[Round "3"]
[White "Amonatov,F"]
[Black "Gagarin,V"]
[Result "1/2-1/2"]
[WhiteElo "2584"]
[BlackElo "2424"]

1.e4 c5 2.Nf3 Nc6 3.Nc3 e5 4.Bc4 d6 5.d3 Be7 6.Nd2 Bg5 7.h4 Bxd2+ 8.Bxd2 Nf6
9.O-O Bg4 10.Qe1 Be6 11.f4 Bxc4 12.dxc4 Qd7 13.Nd5 Ng4 14.f5 h5 15.f6 g6
16.c3 O-O-O 17.b4 Kb8 18.a3 Rc8 19.Qe2 Rhe8 20.bxc5 Na5 21.cxd6 Qxd6 22.Kh1 Nxc4
23.Rab1 Nxd2 24.Qxd2 Re6 25.Rbd1 Qxa3 26.Qe2 Qc5 27.Rb1 Rcc6 28.Rb2 Nxf6
29.Rfb1 b6 30.Nb4 Qe7 31.Nxc6+ Rxc6 32.c4 Ng4 33.g3 Qc5 34.Rd2 Rc8 35.Rc1 f5
36.exf5 gxf5 37.Qf3 Qe3 38.Qd5 Qxg3 39.Qd6+ Rc7 40.Qd8+ Rc8 41.Qd6+ Rc7  1/2-1/2

[Event "27th Open"]
[Site "Oberwart AUT"]
[Date "2005.07.12"]
[Round "4"]
[White "Halser,W"]
[Black "Benda,H"]
[Result "0-1"]
[WhiteElo "2117"]
[BlackElo "2329"]

1.e4 c5 2.Nc3 Nc6 3.Nf3 g6 4.d4 cxd4 5.Nxd4 Bg7 6.Be3 Nf6 7.Be2 O-O 8.Nb3 d6
9.f3 a6 10.Qd2 Be6 11.Bh6 b5 12.Bxg7 Kxg7 13.O-O-O h5 14.h4 Rh8 15.Kb1 Rc8
16.Nd5 Bxd5 17.exd5 Ne5 18.Nd4 Rc5 19.Qg5 Qc8 20.Nb3 Rxc2 21.Rc1 Rxc1+ 22.Rxc1 Qd7
23.Qd2 Rc8 24.Rxc8 Qxc8 25.f4 Qf5+ 26.Ka1 Nc4 27.Bxc4 bxc4 28.Na5 Qxd5 29.Qxd5 Nxd5
30.Nxc4 Nxf4 31.b4 Kf6 32.a4 Ke6 33.b5 axb5 34.axb5 Kd5 35.Kb2 Kxc4  0-1

[Event "Andorra Open"]
[Site "Andorra la Vella AND"]
[Date "2005.07.13"]
[Round "5"]
[White "Perez Candelario,Man"]
[Black "Gonzalez Arribas,V"]
[Result "1-0"]
[WhiteElo "2504"]
[BlackElo "2252"]

1.e4 c5 2.Nc3 Nc6 3.Nge2 g6 4.d4 cxd4 5.Nxd4 Bg7 6.Be3 Nf6 7.Bc4 Qa5 8.O-O O-O
9.Nb3 Qc7 10.Bg5 Rd8 11.Be2 h6 12.Bh4 Qb8 13.f4 d6 14.Bf3 Be6 15.Nd5 Bxd5
16.exd5 Nb4 17.g4 a5 18.c3 a4 19.cxb4 axb3 20.Qxb3 Qc8 21.h3 Qd7 22.Kg2 Qa4
23.Qxa4 Rxa4 24.a3 Rc8 25.Rae1 Kf8 26.Bd1 Raa8 27.Bb3 Rc7 28.Re2 Nh7 29.Bf2 Rac8
30.Be3 f5 31.Rg1 Nf6 32.gxf5 gxf5 33.Kh2 Ne4 34.Reg2 Bf6 35.Bd1 e6 36.dxe6 d5
37.Bb3 d4 38.Bd2 Ke7 39.Be1 b5 40.Rg6 Rc1 41.Rxh6 Rb1 42.Rh7+ Kd6 43.Rd7+ Kc6
44.Bf2 Rxb2 45.Rc1+ Nc3 46.Rxc3+  1-0

[Event "DMP 1st League"]
[Site "Koszalin POL"]
[Date "2005.07.13"]
[Round "11"]
[White "Kanarek,M"]
[Black "Kukla,M"]
[Result "0-1"]
[WhiteElo "2026"]
[BlackElo "1969"]

1.e4 c5 2.Nf3 Nc6 3.Nc3 e5 4.Bc4 g6 5.d3 h6 6.Be3 d6 7.h3 Nge7 8.g4 g5 9.Nd5 Ng6
10.c3 Bg7 11.Qd2 a6 12.a4 Rb8 13.Ke2 b5 14.axb5 axb5 15.Bb3 Be6 16.Ra6 Na5
17.Qc2 O-O 18.Ra1 Nxb3 19.Qxb3 c4 20.Qb4 cxd3+ 21.Kd2 Bxd5 22.Rxd6 Qxd6 23.Qxd6 Bxe4
24.Ne1 b4 25.Bb6 Rfc8 26.Ra7 bxc3+ 27.bxc3 Nf4 28.c4 Bf8 29.Qd7 Bb4+ 30.Ke3 Bg6
31.Nxd3 Nxd3 32.Bc7 Bc5+ 33.Kf3 e4+ 34.Kg2 Bxa7 35.Bxb8 Rxb8 36.Qxa7 Rb2
37.c5 Rxf2+ 38.Kg1 Rc2 39.c6 Kh7 40.c7 e3 41.Qxe3 Rxc7 42.Qd4 Nf4 43.Qe3 Rd7
44.h4 Rd3 45.Qe7 Rg3+ 46.Kf2 Rxg4 47.hxg5 hxg5 48.Qb7 Nh5 49.Qh1 Rf4+ 50.Ke3 g4
51.Qh4 g3 52.Qg5 Rf2 53.Qe7 Rh2 54.Kf3 Ng7  0-1

[Event "inAUTOmarket Open"]
[Site "Minsk BLR"]
[Date "2005.07.14"]
[Round "5"]
[White "Novikov,St"]
[Black "Kupreichik,V"]
[Result "1/2-1/2"]
[WhiteElo "2534"]
[BlackElo "2468"]

1.e4 c5 2.Nf3 Nc6 3.Nc3 g6 4.d4 cxd4 5.Nxd4 Bg7 6.Be3 Nf6 7.Bc4 O-O 8.Bb3 d6
9.h3 Bd7 10.O-O Nxd4 11.Bxd4 Bc6 12.Qd3 a5 13.a3 Nd7 14.Bxg7 Kxg7 15.Qd4+ Kg8
16.Rfe1 Qb6 17.Qxb6 Nxb6 18.Rad1 Rfd8 19.Rd4 Kf8 20.Red1 Rd7 21.f4 Rad8 22.f5 gxf5
23.exf5 d5 24.Ne2 e5 25.fxe6 fxe6 26.Rf4+ Rf7 27.Nd4 Re8 28.Rdf1 Rxf4 29.Rxf4+ Kg7
30.Rg4+ Kh6 31.Rh4+ Kg7  1/2-1/2

[Event "16th Open"]
[Site "Ljubljana SLO"]
[Date "2005.07.15"]
[Round "9"]
[White "Biti,O"]
[Black "Kukovec,B"]
[Result "0-1"]
[WhiteElo "2340"]
[BlackElo "2198"]

1.e4 c5 2.Nc3 Nc6 3.Bb5 e6 4.Bxc6 bxc6 5.d3 d5 6.f4 Nf6 7.Nf3 Ba6 8.e5 Nd7
9.O-O Be7 10.Qe1 O-O 11.Rb1 d4 12.Ne4 c4 13.Qe2 Nb6 14.Bd2 cxd3 15.cxd3 Nd5
16.Rfc1 Qb6 17.Nf2 c5 18.Ng5 Bb5 19.Qh5 h6 20.Nge4 Qa6 21.f5 exf5 22.Qxf5 Rac8
23.a4 Bxa4 24.Ra1 Qc6 25.Ng4 Bb5 26.Rxa7 Bxd3 27.Bxh6 Bxe4 28.Qxe4 gxh6 29.Rxe7 Qg6
30.Qxg6+ fxg6 31.Rd7 Nf4 32.Rd1 Ne2+ 33.Kh1 Rf4 34.Nxh6+ Kf8 35.g3 Rf2 36.Ng4 Rf7
37.Rd6 c4 38.e6 Rf5 39.R6xd4 Nxd4 40.Rxd4 Ke7 41.Ne3 Rfc5 42.Nd5+ Kxe6 43.Nf4+ Kf5
44.Kg2 Rb8 45.Rd2 Rcb5 46.Kh3 Rxb2 47.Rd5+ Ke4 48.Rc5 Kd4 49.Ne6+ Kc3 50.Nf4 Kb4
51.Rc7 Rb5 52.Nxg6 Rc5 53.Rb7+ Ka3 54.Ra7+ Kb3 55.Nf4 Rd2 56.Rb7+ Kc2 57.Kg4 Rxh2
58.Ne6 Rc8 59.Nd4+ Kc3 60.Nb5+ Kd3 61.Rd7+ Kc2 62.Nd4+ Kc1 63.Kf3 Rb2 64.Ne2+ Kb1
65.Nc3+ Kc2 66.Nd5 c3 67.Ne3+ Kb3 68.Rb7+ Ka2 69.Ra7+ Kb1 70.g4 c2 71.Nxc2 Rbxc2
72.g5 Rg8 73.Ra5 Rc4  0-1

[Event "Mercosur Cup"]
[Site "Vicente Lopez ARG"]
[Date "2005.07.15"]
[Round "2"]
[White "Rodriguez,And URU"]
[Black "Alonso,S"]
[Result "1-0"]
[WhiteElo "2523"]
[BlackElo "2457"]

1.e4 c5 2.Nc3 Nc6 3.Nf3 Nf6 4.d4 cxd4 5.Nxd4 e5 6.Ndb5 d6 7.Bg5 a6 8.Na3 b5
9.Nd5 Be7 10.Bxf6 Bxf6 11.c3 Bb7 12.Nc2 Ne7 13.Nxf6+ gxf6 14.Bd3 d5 15.exd5 Qxd5
16.Ne3 Qe6 17.a4 Rd8 18.Qe2 e4 19.Bc2 f5 20.axb5 f4 21.bxa6 Bc6 22.Nc4 Rg8
23.Na5 e3 24.Nxc6 Nxc6 25.fxe3 fxe3 26.a7 Ke7 27.Rf1 Rd2 28.Qb5 Rxc2 29.Qb7+ Kd6
30.a8=Q Rxa8 31.Qxa8 Qc4 32.Qf8+ Ke5 33.Qg7+ Kd6 34.Qh6+ Kc7 35.Qxe3 Rxb2
36.Qf4+ Qxf4 37.Rxf4 Ne5 38.Kf1 Rc2 39.Re1 Kd6 40.Rf6+ Ke7 41.Rf2  1-0

[Event "ACT Open"]
[Site "Amsterdam NED"]
[Date "2005.07.16"]
[Round "1"]
[White "Van den Berg,Ad"]
[Black "Al Modiahki,M"]
[Result "0-1"]
[WhiteElo "2298"]
[BlackElo "2570"]

1.e4 c5 2.Nc3 Nc6 3.Nf3 e6 4.Bb5 Nd4 5.Bc4 a6 6.Nxd4 cxd4 7.Ne2 Nf6 8.d3 Bc5
9.O-O d5 10.exd5 Nxd5 11.c3 dxc3 12.bxc3 b5 13.Bb3 O-O 14.d4 Be7 15.Qd3 Bb7
16.a4 Bd6 17.Qh3 Qc7 18.Bd2 g6 19.Rfc1 Rfc8 20.a5 Nf4 21.Nxf4 Bxf4 22.Bxf4 Qxf4
23.Qe3 Qxe3 24.fxe3 Bd5 25.Bxd5 exd5 26.Kf2 Rc4 27.Ke2 Rac8 28.Kd2 f5 29.Ra3 h5
30.Rb1 Kf7 31.Rbb3 h4 32.Ra2 Kf6 33.Kd3 R4c6 34.Rf2 Rc4 35.Ra2 Re8 36.Rb4 Rxb4
37.cxb4 Rc8 38.Rb2 Rc4 39.Rb1 g5 40.Rb3 Ke6 41.Rb1 Kf6 42.Rb2 f4 43.exf4 gxf4
44.h3 Kf5 45.Re2 f3 46.gxf3 Rxb4 47.Re5+ Kf4 48.Re6 Rb3+ 49.Ke2 Rb2+ 50.Kd3 Ra2
51.Rxa6 Kxf3 52.Kc3 Ra4 53.Rg6 Rxa5 54.Rg4 Ra4 55.Rxh4 Ke3 56.Rg4 Rc4+ 57.Kb3 Rxd4
58.Rg5 Rd1 59.h4 Kd4 60.h5 Rb1+ 61.Kc2 Rh1 62.Kb3 Ke4 63.Kb4  0-1

[Event "ACT Open"]
[Site "Amsterdam NED"]
[Date "2005.07.17"]
[Round "2"]
[White "Bellini,F"]
[Black "Spaan,T"]
[Result "1-0"]
[WhiteElo "2501"]
[BlackElo "2284"]

1.e4 c5 2.Nc3 Nc6 3.Bb5 g6 4.Bxc6 dxc6 5.d3 Nf6 6.Nge2 Bg7 7.Be3 b6 8.h3 e5
9.Qd2 O-O 10.Bh6 b5 11.Bxg7 Kxg7 12.Qe3 Qb6 13.f4 exf4 14.Qxf4 c4 15.dxc4 bxc4
16.O-O-O Rb8 17.Na4 Qb4 18.a3 Qxa4 19.Qxb8 Bf5 20.Qe5 Bxe4 21.Rd2 Re8 22.Qc3 Bxg2
23.Rg1 Be4 24.Rf1 Bf5 25.Ng3 Re6 26.Nxf5+ gxf5 27.Rxf5  1-0

[Event "ch-Southern California"]
[Site "Century City USA"]
[Date "2005.07.17"]
[Round "7"]
[White "Lakdawala,C"]
[Black "Moussa,A"]
[Result "1-0"]
[WhiteElo "2428"]
[BlackElo "2236"]

1.e4 c5 2.Nc3 Nc6 3.Bb5 g6 4.Bxc6 dxc6 5.f4 Bg7 6.Nf3 Nf6 7.Qe2 Nd7 8.d3 e5
9.f5 Qe7 10.g4 f6 11.Be3 b6 12.O-O-O g5 13.h4 h6 14.hxg5 hxg5 15.Rxh8+ Bxh8
16.Qh2 Bg7 17.Ne2 Ba6 18.Qh5+ Kd8 19.Bxg5 Kc7 20.Bh6 Rh8 21.g5 fxg5 22.Bxg5 Nf6
23.Qg6 Rg8 24.Nxe5  1-0

[Event "Politiken Cup"]
[Site "Copenhagen DEN"]
[Date "2005.07.17"]
[Round "3"]
[White "Nielsen,Pa"]
[Black "Olafsson,Thorv"]
[Result "0-1"]
[WhiteElo "1893"]
[BlackElo "2131"]

1.e4 c5 2.Nf3 Nc6 3.Nc3 Nf6 4.Bc4 d6 5.O-O Bg4 6.h3 Bh5 7.Bb5 e5 8.d3 Be7
9.Nd5 O-O 10.Nxf6+ Bxf6 11.Bxc6 bxc6 12.g4 Bg6 13.c4 Be7 14.Qe2 f6 15.Nh4 Bf7
16.Nf5 Be6 17.f4 Qd7 18.Nxe7+ Qxe7 19.f5 Bf7 20.h4 Kh8 21.Kh2 Rg8 22.g5 Qe8
23.Rg1 Bh5 24.Qf2 Qe7 25.Rg3 Qd7 26.Be3 Qe7 27.Rag1 Qf7 28.g6 hxg6 29.fxg6 Qe6
30.Qg2 Rgf8 31.Rf1 f5 32.Rg5 Bg4 33.exf5 Bxf5 34.Qe2 Bxg6 35.Rxf8+ Rxf8 36.Qg2 Bh7
37.h5 Qf6 38.Qh3 Bxd3 39.Rg2 Bf1 40.h6 Bxg2 41.hxg7+ Kxg7 42.Qxg2+ Qg6  0-1

[Event "ACT Open"]
[Site "Amsterdam NED"]
[Date "2005.07.18"]
[Round "3"]
[White "Van den Berg,Ad"]
[Black "Ruijgrok,D"]
[Result "1/2-1/2"]
[WhiteElo "2298"]
[BlackElo "2249"]

1.Nc3 c5 2.e4 Nc6 3.Nge2 g6 4.d4 cxd4 5.Nxd4 Bg7 6.Be3 d6 7.f3 Nf6 8.Bc4 Bd7
9.Qe2 O-O 10.O-O-O Qa5 11.Bb3 Rfc8 12.Kb1 Rab8 13.g4 Ne5 14.g5 Nh5 15.Rhg1 b5
16.Nd5 Qd8 17.f4 Nc4 18.Bc1 e6 19.Nc3 b4 20.Bxc4 bxc3 21.b3 Rb4 22.Ba6 Rxd4
23.Bxc8 Qxc8 24.Rxd4 Bxd4 25.Rd1 e5 26.f5 Ng7 27.fxg6 Bg4 28.gxf7+ Kf8 29.Qf1 Bxd1
30.Qxd1 Kxf7 31.Qf3+ Kg8 32.Ba3 Qa6 33.Bb4 Qb6 34.Bxc3 Bxc3 35.Qxc3 Qg1+
36.Kb2 Qd4 37.Qxd4 exd4 38.b4 Ne6 39.h4 Kg7 40.Kb3 Kg6 41.Kc4 Kh5 42.Kd5 Nd8
43.a4 Kxh4 44.a5 Kxg5 45.b5 Kf6 46.a6 Ke7 47.b6 Kd7 48.bxa7 Ne6 49.e5 Nc7+
50.Kxd4 dxe5+ 51.Kxe5 Kc6 52.Kf6 Kb6 53.a8=N+ Nxa8 54.Kg5  1/2-1/2

[Event "WYb18"]
[Site "Belfort FRA"]
[Date "2005.07.19"]
[Round "1"]
[White "Brkic,A"]
[Black "Papadopoulos,I"]
[Result "1-0"]
[WhiteElo "2477"]
[BlackElo "2233"]

1.e4 c5 2.Nf3 Nc6 3.Nc3 e5 4.Bc4 Be7 5.d3 d6 6.Nd2 Nf6 7.Nf1 Bg4 8.f3 Be6
9.Ne3 O-O 10.O-O a6 11.a3 b5 12.Ba2 Nd7 13.Ned5 Bg5 14.Kh1 Bxc1 15.Qxc1 Nd4
16.Qd2 Rb8 17.Nd1 Nb6 18.N1e3 Nxd5 19.exd5 Bd7 20.f4 b4 21.axb4 cxb4 22.Bc4 a5
23.fxe5 dxe5 24.c3 bxc3 25.bxc3 Nb3 26.Bxb3 Rxb3 27.Nc4 Rb5 28.Nxe5 Rxd5
29.d4 Bb5 30.Rfe1 Re8 31.Qa2 Ba6 32.Nc6  1-0

[Event "WYg18"]
[Site "Belfort FRA"]
[Date "2005.07.19"]
[Round "1"]
[White "Savtchenko,V"]
[Black "Ergasheva,S"]
[Result "1-0"]
[WhiteElo "2202"]
[BlackElo "1954"]

1.e4 c5 2.Nc3 Nc6 3.Nf3 g6 4.d4 cxd4 5.Nxd4 Bg7 6.Be3 Nf6 7.Bc4 d6 8.f3 O-O
9.Qd2 Bd7 10.O-O-O Qa5 11.Bb3 Rac8 12.g4 Ne5 13.h4 Nc4 14.Bxc4 Rxc4 15.Nb3 Qa6
16.Kb1 Rfc8 17.h5 b5 18.hxg6 hxg6 19.Bh6 Bh8 20.Bf8 Nh5 21.Bxe7 b4 22.Rxh5 Bg7
23.Nd5 gxh5 24.Qg5 R8c5 25.Bf6  1-0